000 003740000a22001330004500
003 MACL
040 _aMACL
090 _c42649
_d42647
100 _aSri Aurobindo Ashram Publication Dep
245 _aThe complete Works of Sri Aurobindo Vol 15
_bThe Secret of The Veda
260 _bSri Aurobindo Ashram Publication Dep
_c1998
650 _aPhilosophy
942 _cBOOK
_k100/AUR
999 _c42198
_d42198